• 首页
  • 本馆介绍
  • 公告通知
  • 最新文献
  • 馆藏检索
  • 电子资源
  • 读者导购
  • 参考咨询
  • 我的图书馆
  • 登录
  • 详细信息显示
  • 放入我的书架
  • 预约/预借图书
  • 作者相关作品
  • 分类相关作品
  • 丛书相关作品
  • 出版社相关作品

书目信息

  • 表格格式
  • 工作单格式
  • 卡片格式
题名:
旅游宣传促销绩效评估
    
 
作者: 崔凤军 主编
分册:  
出版信息: 北京   中国旅游出版社  2006
页数: 278页
开本: 26cm
丛书名:
单 册:
中图分类: F590.8
科图分类:
主题词: 旅游业--市场营销学--经济评价 , 旅游业 , 市场营销学 , 经济评价
电子资源:
ISBN: 978-7-5032-2891-9
000 01145nam0 2200289 450
001 003201145
005 20091208150711.29
010    @a978-7-5032-2891-9@dCNY38.00
100    @a20060104d2006 em y0chiy0110 ea
101 0  @achi
102    @aCN@b110000
105    @ay z 000yy
106    @ar
200 1  @a旅游宣传促销绩效评估@9lv you xuan chuan cu xiao ji xiao ping gu@e方法与案例@f崔凤军主编
210    @a北京@c中国旅游出版社@d2006
215    @a278页@d26cm
312    @a封面英文题名:Tourism promotion performance assessment methods and cases study
330    @a本书将常见的旅游促销手段分为平面媒体广告、电子媒体广告、户外媒体广告、网络媒体广告、交通媒体广告、特殊媒体广告、口碑传播等类型,分别论述了它们的特征与适用对象,设计出了评估指标与评估模型。本书还提供了杭州的3个大型评估案例。
510 1  @aTourism promotion performance assessment methods and cases study@zeng
606 0  @a旅游业@x市场营销学@x经济评价
606 0  @a旅游业
606 0  @a市场营销学
606 0  @a经济评价
690    @aF590.8@v4
701  0 @a崔凤军@9cui feng jun@c(旅游经济)@4主编
801  0 @aCN@bNLC@c20091208
905    @b20796239-43@dF590.8@e270@f5
    
    旅游宣传促销绩效评估:方法与案例/崔凤军主编.-北京:中国旅游出版社,2006
    278页;26cm
    
    
    ISBN 978-7-5032-2891-9:CNY38.00
    本书将常见的旅游促销手段分为平面媒体广告、电子媒体广告、户外媒体广告、网络媒体广告、交通媒体广告、特殊媒体广告、口碑传播等类型,分别论述了它们的特征与适用对象,设计出了评估指标与评估模型。本书还提供了杭州的3个大型评估案例。
●
相关链接 在E读中查询图书 在五车中查询图书 在当当中查询图书 在豆瓣中查询图书


正题名:旅游宣传促销绩效评估     索取号:F590.8/270         预约/预借

序号 登录号 条形码 馆藏地/架位号 状态 备注
1 796239   207962392   第一样本阅览室/ [索取号:F590.8/270] 在馆    
2 796240   207962409   第一借阅区/ [索取号:F590.8/270] 在馆    
3 796241   207962418   第一借阅区/ [索取号:F590.8/270] 在馆    
4 796242   207962427   第一借阅区/ [索取号:F590.8/270] 在馆    
5 796243   207962436   密集书库-文学院/ [索取号:F590.8/270] 在馆    
唐山师范学院图书馆 欢迎您!
大连网信软件有限公司© 版权所有